| 000 | 00625nam a2200205 a 4500 | ||
|---|---|---|---|
| 001 | BRCA_6849 | ||
| 005 | 20190320205621.0 | ||
| 008 | 091111s1943----mx-#######---#000-0#mx--# | ||
| 041 | _aspa | ||
| 050 | 4 | _bL43 1943 | |
| 245 | 1 | 0 |
_aLectura _brevista critica de ideas y libros _cdirector Jesús Guisa y Azavedo. |
| 260 |
_aMéxico _b[Polis] _c1943 |
||
| 300 |
_a192 p. _c17 cm. |
||
| 500 | _aTomo xxxiv de 1o. de Junio de 1943 No. 3 | ||
| 500 | _aRevista inventariada por Banco de México como libro | ||
| 500 | _aL135 | ||
| 650 | 1 | 4 |
_aLiteratura _vRevista _xCritica e interpretación _917080 |
| 902 | _aGFM | ||
| 942 |
_2lcc _cB |
||
| 999 |
_c6532 _d6532 |
||